000
00241nam a2200109Ia 4500
005
20251222154315.0
008
251222s9999||||xx |||||||||||||| ||spa||
082
_a
838.9/L96
100
_a
"Ludwing, Emil"
245
0
_a
Cleopatra
942
_c
LIB
999
_c
33562
_d
33562